01491nam a2200325 a 450000100100000000500170001000800410002704000250006808200170009310000410011024501050015126000400025630000350029650000630033150000340039450000530042859000660048159000270054765000180057465000270059265000250061965000220064465000220066670000570068891000370074595201150078295201210089795201300101899900170114800001905320250519123339.0100525s2004 dr c 001 0 spa d aDO-SdBNPbspacBNPHU a618.2bC255d1 aCaputo A., Ángel R.,d1939-94099710aDel embarazo a la menopausia /cÁngel R. Caputo A. ; prólogo Francisco José Guzmán García. a[Santo Domingo] :b[s.n.],c[s.f.]. axv, 367 p. :bretrs. ;c23 cm. aIncluye datos biográficos del autor en la contracubierta aIncluye índice alfabético aIncluye bibliografía al final de los capitulos aLa biblioteca posee 3 ejemplares autógrafiados por el autor aInventariado, 2019/MFF 0aEmbrazo91406 0aAnticoncepción 9910 4aGinecología920061 4aClimaterio920480 4aMenopausia9204791 aGuzmán García, Francisco José,epról.940998 aValidado. Control de calidad MFF 0010718PDaPDbPDcHDd2010-05-25iLF1l0o618.2 C255dp19053-10r2020-06-25w2020-06-25yLFPDZNo se presta 0010718PDaPDbPDcHDd2010-05-25iLF1l0o618.2 C255dp19053-20r2020-06-25te. 2w2020-06-25yLFPDZNo se presta 001054708DSaPDbPDcHDd2010-05-25iLF1l0o618.2 C255dp19053-30r2020-06-25te. 3w2020-06-25yLFDSZPréstamo en sala c18571d18571